000 00753cam a2200241 4500
008 000000n1999 000 0 eng u
020 _a1871241375
035 _a(Sirsi) u103152
041 _a340.5
100 _aLauer, Steven A
245 _aConditional, contingent and other alternative fee arrangements.
260 _aSudbury, Suffolk
_bMonitor Press
_c1999
300 _aiii, 64p. ; 30cm.
350 _a109.00
520 _aA study of alternative funding for legal fees in the USA and a discussion as to how these alternative fee arrangements could be developed here in the UK.
650 _aLEGAL FEES
650 _aLAWYERS FEES
650 _aUSA
650 _aFUNDING
650 _aLEGAL SERVICES
690 _aLAW
942 _n0
999 _c100089
_d100089